Resonant leadership renewing yourself and connecting with others through mindfulness, hope, and compassion

Na minha lista:
Detalhes bibliográficos
Autor principal: Boyatzis, Richard E.
Outros Autores: McKee, Annie
Formato: Livro
Idioma:inglês
Publicado em: Boston Harvard Business School Press 2005
Assuntos:
Tags: Adicionar Tag
Sem tags, seja o primeiro a adicionar uma tag!

MARC

LEADER 00000nam a2200000 4500
001 0156854
005 20221129082930.4
020 |a 978-1-59139-563-8 
020 |a 1-59139-563-1 
041 0 |a eng 
044 |a US 
245 1 0 |a Resonant leadership  |b renewing yourself and connecting with others through mindfulness, hope, and compassion  |c Richard Boyatzis, Annie McKee 
264 1 |a Boston  |b Harvard Business School Press  |c 2005 
300 |a 286 s. 
610 2 0 |a vodcovstvo 
610 2 0 |a pracovníci vedúci 
610 2 0 |a pracovníci riadiaci 
610 2 0 |a manažéri 
610 2 0 |a prekážky v práci 
610 2 0 |a stresy 
610 2 0 |a poradenstvo 
610 2 0 |a štýl vedenia 
100 1 |a Boyatzis, Richard E. 
700 1 |a McKee, Annie